[Event "Barcelona Tres Peons 47th"]
[Site "Barcelona"]
[Date "2018.02.16"]
[Round "6.1"]
[White "Cespedes Llaverias, Llibert"]
[Black "Daguro Dasalla, Armando"]
[Result "0-1"]
[WhiteElo "2110"]
[BlackElo "1955"]
[PlyCount "114"]
[EventDate "2018.01.12"]
[EventType "swiss"]
[EventRounds "8"]
[EventCountry "ESP"]
[SourceTitle "EXT 2024"]
[Source "ChessBase"]
[SourceDate "2023.10.10"]
[SourceVersion "1"]
[SourceVersionDate "2023.10.10"]
[SourceQuality "1"]

1. e4 Nc6 2. Nf3 d6 3. d4 e5 4. Bb5 exd4 5. Qxd4 Bd7 6. Bxc6 bxc6 7. Nc3 c5 8. Qd3 Be7 9. 0-0 Be6 10. Rd1 Qd7 11. e5 Rd8 12. Ne2 d5 13. Nf4 c6 14. Nxe6 Qxe6 15. b3 Nh6 16. Bxh6 gxh6 17. Re1 0-0 18. Nd2 Kh8 19. Nf1 f5 20. f4 Rg8 21. Qf3 Rg6 22. a3 Rdg8 23. Re2 Qf7 24. Ne3 c4 25. bxc4 d4 26. Nf1 Qxc4 27. Qd3 Qd5 28. g3 Bc5 29. a4 h5 30. h4 Be7 31. Kf2 c5 32. c4 Qd8 33. Qxf5 d3 34. Re3 Qd4 35. Rb1 Qxc4 36. Qxd3 Qxa4 37. f5 Rg4 38. f6 Bd8 39. Rb7 R4g6 40. f7 Rf8 41. Rd7 Bb6 42. Qe4 Qxd7 43. e6 Rxe6 44. Qxe6 Rxf7+ 45. Kg2 Qxe6 46. Rxe6 c4 47. Re2 c3 48. Ne3 a5 49. Nc2 Kg7 50. Na3 Bc5 51. Nb5 Bb4 52. Rc2 Rb7 53. Nd4 Rd7 54. Nf3 a4 55. Kf1 a3 56. Ke2 Ra7 57. Ra2 c2 0-1

[Event "Barcelona Tres Peons 47th"]
[Site "Barcelona"]
[Date "2018.01.12"]
[Round "1.4"]
[White "Iglesias Lopez, Albert"]
[Black "Cespedes Llaverias, Llibert"]
[Result "0-1"]
[WhiteElo "1712"]
[BlackElo "2110"]
[PlyCount "96"]
[EventDate "2018.01.12"]
[EventType "swiss"]
[EventRounds "8"]
[EventCountry "ESP"]
[SourceTitle "EXT 2024"]
[Source "ChessBase"]
[SourceDate "2023.10.10"]
[SourceVersion "1"]
[SourceVersionDate "2023.10.10"]
[SourceQuality "1"]

1. e4 c5 2. Nc3 Nc6 3. Bb5 Nd4 4. Bc4 e6 5. f4 Ne7 6. Nf3 Nec6 7. 0-0 Be7 8. Nxd4 Nxd4 9. Ne2 Nxe2+ 10. Qxe2 a6 11. a4 b6 12. e5 d5 13. exd6 Qxd6 14. d3 0-0 15. Kh1 Bf6 16. c3 g6 17. Be3 Bb7 18. Rad1 Qc6 19. Bb3 Rfd8 20. Rd2 Rd7 21. Rfd1 Rad8 22. Qf2 Rc8 23. h3 b5 24. axb5 axb5 25. d4 c4 26. Bc2 Ra8 27. Re2 Ra2 28. Bc1 Rd8 29. Be4 Qb6 30. Bxb7 Qxb7 31. Rde1 b4 32. Kh2 Qb5 33. Qg3 Qh5 34. Qe3 Qa5 35. Qg3 bxc3 36. bxc3 Rxe2 37. Rxe2 Qa4 38. Qe3 Rb8 39. Rb2 Rb3 40. Qd2 Be7 41. Ra2 Qc6 42. Ra7 Bf6 43. Ba3 Qe4 44. Bb4 h5 45. Ra3 Rb1 46. Ra2 Rf1 47. Bd6 Qb1 48. Be5 h4 0-1

[Event "Palmanova op 6th"]
[Site "Palmanova"]
[Date "2017.12.08"]
[Round "3"]
[White "Cespedes Llaverias, Llibert"]
[Black "Guerini, Silvia"]
[Result "1/2-1/2"]
[WhiteElo "2064"]
[BlackElo "1968"]
[PlyCount "111"]
[EventDate "2017.12.07"]
[EventType "swiss"]
[EventRounds "6"]
[EventCountry "ITA"]
[SourceTitle "CBM 182 Extra"]
[Source "ChessBase"]
[SourceDate "2018.02.23"]
[SourceVersion "1"]
[SourceVersionDate "2018.02.23"]
[SourceQuality "1"]

1. e4 c5 2. Nf3 e6 3. Nc3 Nf6 4. d4 cxd4 5. Nxd4 d6 6. g3 Be7 7. Bg2 0-0 8. 0-0 a6 9. Re1 Qc7 10. Be3 Nc6 11. Nxc6 bxc6 12. Na4 Rb8 13. c4 Rd8 14. b3 d5 15. cxd5 cxd5 16. Rc1 Qa5 17. Bf4 Rb7 18. Qc2 Bb4 19. Red1 Ne8 20. exd5 exd5 21. Qc6 Rbd7 22. Qb6 Bb7 23. Qxa5 Bxa5 24. Nc5 Re7 25. Bg5 Nf6 26. Bxf6 gxf6 27. Nxb7 Rxb7 28. Rc6 Rb6 29. Rc5 Bb4 30. Rcxd5 Rxd5 31. Rxd5 Rd6 32. Rxd6 Bxd6 33. Kf1 Kf8 34. Ke2 Ke7 35. Kd3 f5 36. Kc4 f4 37. b4 fxg3 38. hxg3 Bc7 39. a3 Kd6 40. Bb7 a5 41. f3 f6 42. Kb5 axb4 43. axb4 h6 44. Ka6 Bd8 45. b5 Kc5 46. Bc6 Bb6 47. Kb7 Ba5 48. Kc8 Be1 49. g4 Kb6 50. Kd7 Bd2 51. Ke6 Bg5 52. Kf5 Kc7 53. f4 Bh4 54. Kg6 Bg3 55. g5 hxg5 56. fxg5 1/2-1/2